Normal view
MARC view
- Partridge , Eric
Entry Personal Name
001 - CONTROL NUMBER
- control field: 5315
003 - CONTROL NUMBER IDENTIFIER
- control field: OSt
005 - DATE AND TIME OF LATEST TRANSACTION
- control field: 20221129114643.0
008 - FIXED-LENGTH DATA ELEMENTS
- fixed length control field: 221129|| aca||aabn | a|a d
040 ## - CATALOGING SOURCE
- Original cataloging agency: OSt
- Transcribing agency: OSt
100 ## - HEADING--PERSONAL NAME
- Personal name: Partridge , Eric
670 ## - SOURCE DATA FOUND
- Source citation: Work cat.: (OSt)3277: Partridge , Eric ., Charm of words / , 1961.
